| 000 | 00577nam a2200229Ia 4500 | ||
|---|---|---|---|
| 008 | 170203s9999 xx 000 0 und d | ||
| 020 | _a0-69623291x | ||
| 050 | _a599.638 | ||
| 050 | _b.F312d 2006 | ||
| 100 | _aFeldman, Thea | ||
| 245 | _aDedan saves the day / | ||
| 245 | _cThea Feldman. | ||
| 260 | _aDes Moines, Iowa : | ||
| 260 | _bMeredith Books, | ||
| 260 | _cc2006. | ||
| 300 | _a1 v. (unpaged) : | ||
| 300 | _bcol. ill. ; | ||
| 300 | _c24 cm. | ||
| 500 | _a"Take a walk on the wild side." | ||
| 650 | _aGiraffe-- | ||
| 650 | _xJuvenile literature. | ||
| 999 |
_c305545 _d305545 |
||